[Event "Hastings Challengers 2002/03"]
[Site "Hastings"]
[Date "2002.12.28"]
[Round "1"]
[White "Koch, Wolfgang"]
[Black "Borovikov, Vladislav"]
[Result "1/2-1/2"]
[WhiteElo "2308"]
[BlackElo "2593"]
[PlyCount "109"]
[EventDate "2002.12.28"]
[EventType "swiss"]
[EventRounds "9"]
[EventCountry "ENG"]
[SourceTitle "BritBase"]
[Source "John Saunders"]
[SourceDate "2024.12.03"]
[SourceVersion "1"]
[SourceVersionDate "2024.12.03"]
[SourceQuality "1"]

1. d4 d5 2. c4 c6 3. cxd5 cxd5 4. Nf3 Nc6 5. Nc3 Nf6 6. Bf4 a6 7. e3 Bg4 8. Be2 e6 9. h3 Bh5 10. O-O Be7 11. Rc1 O-O 12. Ne5 Bxe2 13. Nxe2 Qb6 14. Nxc6 bxc6 15. Qc2 Rfc8 16. Nc3 Nd7 17. Na4 Qb5 18. Rfd1 c5 19. dxc5 Nxc5 20. Nxc5 Rxc5 21. Qd2 Rac8 22. Rxc5 Qxc5 23. Be5 Qc4 24. Qc3 Bb4 25. Qxc4 Rxc4 26. a3 Be7 27. Rd3 Rc1+ 28. Kh2 f6 29. Bc3 Kf7 30. g3 h5 31. Kg2 g5 32. Rd4 Bc5 33. Ra4 Rc2 34. Kf1 e5 35. Ra5 d4 36. Rxc5 dxc3 37. bxc3 Ra2 38. Ra5 Rc2 39. Rxa6 Rxc3 40. a4 Ra3 41. a5 Ra2 42. Kg2 Kg6 43. Ra8 Kf5 44. a6 g4 45. h4 Ke4 46. a7 f5 47. Rh8 Rxa7 48. Rxh5 f4 49. gxf4 exf4 50. Rg5 g3 51. Rg8 Re7 52. fxg3 fxe3 53. Ra8 e2 54. Kf2 e1=Q+ 55. Kxe1 1/2-1/2

[Event "Hastings Challengers 2002/03"]
[Site "Hastings"]
[Date "2002.12.28"]
[Round "1"]
[White "Korotylev, Alexey"]
[Black "Formanek, Edward W"]
[Result "1-0"]
[WhiteElo "2571"]
[BlackElo "2306"]
[PlyCount "73"]
[EventDate "2002.12.28"]
[EventType "swiss"]
[EventRounds "9"]
[EventCountry "ENG"]
[SourceTitle "BritBase"]
[Source "John Saunders"]
[SourceDate "2024.12.03"]
[SourceVersion "1"]
[SourceVersionDate "2024.12.03"]
[SourceQuality "1"]

1. d4 d5 2. c4 c6 3. Nc3 Nf6 4. Nf3 dxc4 5. a4 Bf5 6. Ne5 e6 7. f3 h6 8. e4 Bh7 9. Be3 Be7 10. Nxc4 O-O 11. Be2 a5 12. O-O Na6 13. Qd2 Nb4 14. Rfd1 Ne8 15. Rac1 Nd6 16. b3 Nxc4 17. bxc4 Rc8 18. f4 Qd7 19. Bf3 Rfe8 20. Qe2 Bd8 21. e5 Bb6 22. Ne4 Bxe4 23. Bxe4 Rcd8 24. Rd2 Qe7 25. Rf1 f5 26. exf6 Qxf6 27. c5 Ba7 28. g4 Qh4 29. Bf2 Qf6 30. Be3 Qh4 31. Bf2 Qf6 32. Bb1 b6 33. Qe4 bxc5 34. Qh7+ Kf8 35. Bg6 cxd4 36. g5 Qxf4 37. Qh8+ 1-0

[Event "Hastings Challengers 2002/03"]
[Site "Hastings"]
[Date "2002.12.28"]
[Round "1"]
[White "Mannion, Stephen R"]
[Black "Thompson, Ian D"]
[Result "0-1"]
[WhiteElo "2367"]
[BlackElo "2238"]
[PlyCount "120"]
[EventDate "2002.12.28"]
[EventType "swiss"]
[EventRounds "9"]
[EventCountry "ENG"]
[SourceTitle "BritBase"]
[Source "John Saunders"]
[SourceDate "2024.12.03"]
[SourceVersion "1"]
[SourceVersionDate "2024.12.03"]
[SourceQuality "1"]

1. e4 e6 2. d4 d5 3. Nd2 Nf6 4. e5 Nfd7 5. f4 c5 6. c3 Nc6 7. Ndf3 Qb6 8. g3 cxd4 9. cxd4 Bb4+ 10. Kf2 g5 11. fxg5 Ndxe5 12. Nxe5 Nxe5 13. Kg2 Nc6 14. Nf3 Bd7 15. Be2 Bf8 16. b3 Bg7 17. Bb2 h6 18. Qd2 e5 19. dxe5 hxg5 20. h3 Be6 21. Rac1 g4 22. hxg4 Rxh1 23. Rxh1 O-O-O 24. Rh7 Bf8 25. Ng5 d4 26. Nxe6 fxe6 27. Bf3 d3 28. g5 Bb4 29. Qf4 d2 30. Rh1 Ne7 31. a3 Bc5 32. b4 Be3 33. Qc4+ Kb8 34. a4 Bxg5 35. a5 Nf5 36. axb6 Ne3+ 37. Kf2 Nxc4 38. bxa7+ Kxa7 39. Ba1 Ne3 40. Bd1 Nxd1+ 41. Rxd1 Rd3 42. g4 Ka6 43. Ke2 Rg3 44. Bd4 Rxg4 45. Kd3 Kb5 46. Bc3 Rg3+ 47. Kd4 Rg2 48. Kd3 Kc6 49. Ra1 Rg3+ 50. Kc4 b5+ 51. Kd4 Rg4+ 52. Kd3 Kd5 53. Kc2 Kc4 54. Bb2 Rg2 55. Rd1 Rg3 56. Rh1 Kxb4 57. Ra1 Kc4 58. Rh1 b4 59. Rf1 Rg2 60. Kd1 Be3 0-1

[Event "Hastings Challengers 2002/03"]
[Site "Hastings"]
[Date "2002.12.28"]
[Round "1"]
[White "Moss, Robin BW"]
[Black "McNab, Colin Anderson"]
[Result "1/2-1/2"]
[WhiteElo "2271"]
[BlackElo "2406"]
[PlyCount "104"]
[EventDate "2002.12.28"]
[EventType "swiss"]
[EventRounds "9"]
[EventCountry "ENG"]
[SourceTitle "BritBase"]
[Source "John Saunders"]
[SourceDate "2024.12.03"]
[SourceVersion "1"]
[SourceVersionDate "2024.12.03"]
[SourceQuality "1"]

1. e4 g6 2. d4 d6 3. Nc3 Bg7 4. Be3 Nf6 5. Nf3 c6 6. Qd2 Qa5 7. h3 Nbd7 8. Bd3 O-O 9. O-O e5 10. Nd5 Qxd2 11. Ne7+ Kh8 12. Nxd2 d5 13. exd5 Nxd5 14. Nxd5 exd4 15. Bf4 cxd5 16. Bd6 Re8 17. Rfe1 Re6 18. Rxe6 fxe6 19. f4 Nb8 20. Nf3 Nc6 21. b4 a6 22. a4 Bd7 23. Rb1 Bf8 24. Bxf8 Rxf8 25. b5 axb5 26. axb5 Ne7 27. g3 Ra8 28. Nxd4 Ra4 29. Nf3 Nf5 30. Kf2 Nd6 31. Ne5 Be8 32. b6 Kg7 33. Rb3 h5 34. Kf3 Kf6 35. h4 Ra1 36. c4 dxc4 37. Nxc4 Bc6+ 38. Kf2 Ra2+ 39. Rb2 Rxb2+ 40. Nxb2 Nc8 41. Nc4 Bd5 42. Ne5 Nxb6 43. Bxg6 Nc4 44. Bxh5 Nxe5 45. fxe5+ Kxe5 46. Ke3 b5 47. Kd3 b4 48. Bd1 Kf6 49. g4 e5 50. Ba4 Ba2 51. Bd1 Be6 52. Ke4 Bxg4 1/2-1/2

[Event "Hastings Challengers 2002/03"]
[Site "Hastings"]
[Date "2002.12.28"]
[Round "1"]
[White "Schulz, Michael"]
[Black "McDonald, Neil R"]
[Result "1/2-1/2"]
[WhiteElo "2262"]
[BlackElo "2391"]
[PlyCount "63"]
[EventDate "2002.12.28"]
[EventType "swiss"]
[EventRounds "9"]
[EventCountry "ENG"]
[SourceTitle "BritBase"]
[Source "John Saunders"]
[SourceDate "2024.12.03"]
[SourceVersion "1"]
[SourceVersionDate "2024.12.03"]
[SourceQuality "1"]

1. e4 e6 2. Nf3 d5 3. e5 c5 4. b4 cxb4 5. d4 Nc6 6. a3 Nh6 7. axb4 Bxb4+ 8. c3 Be7 9. Bd3 f5 10. exf6 Bxf6 11. Bxh6 gxh6 12. Qd2 Qe7 13. Qxh6 Qg7 14. Qxg7 Bxg7 15. Ra2 Bd7 16. O-O Ke7 17. Re1 Bf6 18. Nbd2 Kd6 19. Nb3 b6 20. Ba6 Rab8 21. h4 h6 22. g3 b5 23. Nc5 b4 24. Bb7 bxc3 25. Bxc6 Kxc6 26. Nxd7 Kxd7 27. Rxa7+ Kd8 28. Rxe6 Rb1+ 29. Kg2 c2 30. Rd6+ Ke8 31. Re6+ Kd8 32. Rd6+ 1/2-1/2

[Event "Hastings Challengers 2002/03"]
[Site "Hastings"]
[Date "2002.12.28"]
[Round "1"]
[White "Shaw, John Kerr"]
[Black "Krause, Ullrich"]
[Result "1-0"]
[WhiteElo "2484"]
[BlackElo "2284"]
[PlyCount "101"]
[EventDate "2002.12.28"]
[EventType "swiss"]
[EventRounds "9"]
[EventCountry "ENG"]
[SourceTitle "BritBase"]
[Source "John Saunders"]
[SourceDate "2024.12.03"]
[SourceVersion "1"]
[SourceVersionDate "2024.12.03"]
[SourceQuality "1"]

1. e4 e6 2. d4 d5 3. Nd2 Nf6 4. e5 Nfd7 5. c3 c5 6. Bd3 Nc6 7. Ne2 cxd4 8. cxd4 Qb6 9. Nf3 f6 10. exf6 Nxf6 11. O-O Bd6 12. b3 O-O 13. Bf4 Nxd4 14. Nfxd4 e5 15. Be3 exd4 16. Bxd4 Qd8 17. Ng3 Kh8 18. Re1 Bb4 19. Re5 Re8 20. Rxe8+ Qxe8 21. Rc1 Bd6 22. Bxf6 gxf6 23. Qh5 Qxh5 24. Nxh5 Be5 25. f4 Bd4+ 26. Kf1 Bg4 27. Rc7 f5 28. Ng3 Be3 29. Bxf5 Bxf5 30. Nxf5 Bxf4 31. Rxb7 Rf8 32. g4 h5 33. h3 hxg4 34. hxg4 a5 35. Rd7 a4 36. Rxd5 a3 37. Ke2 Bc1 38. Rd1 Bb2 39. Kf3 Kh7 40. Kf4 Re8 41. g5 Re6 42. Rd7+ Kh8 43. Kg4 Bc1 44. Kh5 Bxg5 45. Kxg5 Re2 46. Kf6 Rxa2 47. Rd1 Rf2 48. b4 a2 49. b5 Kg8 50. b6 Rd2 51. b7 1-0

[Event "Hastings Challengers 2002/03"]
[Site "Hastings"]
[Date "2002.12.29"]
[Round "2"]
[White "Beshukov, Sergei"]
[Black "Christ, Ralf"]
[Result "1/2-1/2"]
[WhiteElo "2466"]
[BlackElo "2292"]
[PlyCount "78"]
[EventDate "2002.12.28"]
[EventType "swiss"]
[EventRounds "9"]
[EventCountry "ENG"]
[SourceTitle "BritBase"]
[Source "John Saunders"]
[SourceDate "2024.12.03"]
[SourceVersion "1"]
[SourceVersionDate "2024.12.03"]
[SourceQuality "1"]

1. e4 c5 2. Nc3 Nc6 3. Nf3 e6 4. d4 cxd4 5. Nxd4 a6 6. Be3 Nge7 7. f4 Nxd4 8. Qxd4 b5 9. Be2 Nc6 10. Qd3 Bb7 11. Bf3 Be7 12. O-O O-O 13. a4 b4 14. Ne2 Qc7 15. Rac1 Na5 16. c4 Bc5 17. e5 Rac8 18. Bxc5 Qxc5+ 19. Kh1 Rfd8 20. Ng3 d5 21. Rfd1 Nxc4 22. b3 Qb6 23. bxc4 dxc4 24. Qe2 c3 25. Bxb7 Qxb7 26. Ne4 Rxd1+ 27. Rxd1 Qc6 28. Qc2 h6 29. Nd6 Rb8 30. Qb3 Qc5 31. Ne4 Qe3 32. Qc4 a5 33. h3 Kh8 34. Rf1 Rd8 35. Nd6 Rf8 36. Rd1 Kg8 37. Nb5 Kh8 38. Nd6 Kg8 39. Nb5 Kh8 1/2-1/2

[Event "Hastings Challengers 2002/03"]
[Site "Hastings"]
[Date "2002.12.29"]
[Round "2"]
[White "Borovikov, Vladislav"]
[Black "Muratet Casadevall, Albert"]
[Result "1-0"]
[WhiteElo "2593"]
[BlackElo "2197"]
[PlyCount "41"]
[EventDate "2002.12.28"]
[EventType "swiss"]
[EventRounds "9"]
[EventCountry "ENG"]
[SourceTitle "BritBase"]
[Source "John Saunders"]
[SourceDate "2024.12.03"]
[SourceVersion "1"]
[SourceVersionDate "2024.12.03"]
[SourceQuality "1"]

1. d4 Nf6 2. Nf3 g6 3. c4 Bg7 4. g3 d6 5. Bg2 O-O 6. O-O a6 7. Nc3 Nc6 8. Qd3 Nd7 9. Be3 h6 10. Qd2 Kh7 11. d5 Nce5 12. Nxe5 Nxe5 13. b3 c5 14. dxc6 Nxc6 15. Rac1 Qa5 16. Rfd1 Qh5 17. Nd5 Bd7 18. c5 Rad8 19. Nf4 Qf5 20. cxd6 exd6 21. Bb6 1-0

[Event "Hastings Challengers 2002/03"]
[Site "Hastings"]
[Date "2002.12.29"]
[Round "2"]
[White "Cooper, Lawrence"]
[Black "Korotylev, Alexey"]
[Result "0-1"]
[WhiteElo "2348"]
[BlackElo "2571"]
[PlyCount "104"]
[EventDate "2002.12.28"]
[EventType "swiss"]
[EventRounds "9"]
[EventCountry "ENG"]
[SourceTitle "BritBase"]
[Source "John Saunders"]
[SourceDate "2024.12.03"]
[SourceVersion "1"]
[SourceVersionDate "2024.12.03"]
[SourceQuality "1"]

1. e4 d6 2. d4 g6 3. Nc3 Bg7 4. Be3 c6 5. a4 Nf6 6. h3 O-O 7. Nf3 Nbd7 8. a5 Qc7 9. Qd2 Rb8 10. Be2 b5 11. axb6 axb6 12. e5 dxe5 13. dxe5 Nd5 14. Bh6 Nxe5 15. Bxg7 Kxg7 16. Nxd5 cxd5 17. Qxd5 Nxf3+ 18. Bxf3 Bb7 19. Ra7 Qxc2 20. Qd4+ e5 21. Qxe5+ Kg8 22. O-O Bxf3 23. gxf3 Rbe8 24. Qd4 Qf5 25. Kg2 Re5 26. Rfa1 Rd5 27. Qxb6 Qg5+ 28. Kf1 Qh5 29. R7a3 Qxh3+ 30. Ke2 Rfd8 31. Qe3 Qd7 32. Kf1 Qb5+ 33. Kg2 Rg5+ 34. Kh2 Rh5+ 35. Kg2 Qf5 36. f4 Rh4 37. Qe7 Rg4+ 38. Rg3 Qd5+ 39. f3 Rxf4 40. Rf1 Rb8 41. Rf2 Rfb4 42. Rg5 Qb7 43. Qf6 Rxb2 44. Qf4 Rxf2+ 45. Kxf2 Qb6+ 46. Kg2 Re8 47. Kh3 Re1 48. Rg2 h5 49. Rd2 Rh1+ 50. Rh2 Qe6+ 51. Kg2 Qe2+ 52. Kxh1 Qf1# 0-1

[Event "Hastings Challengers 2002/03"]
[Site "Hastings"]
[Date "2002.12.29"]
[Round "2"]
[White "Hanley, Craig A"]
[Black "Hebden, Mark L"]
[Result "0-1"]
[WhiteElo "2345"]
[BlackElo "2515"]
[PlyCount "112"]
[EventDate "2002.12.28"]
[EventType "swiss"]
[EventRounds "9"]
[EventCountry "ENG"]
[SourceTitle "BritBase"]
[Source "John Saunders"]
[SourceDate "2024.12.03"]
[SourceVersion "1"]
[SourceVersionDate "2024.12.03"]
[SourceQuality "1"]

1. e4 e5 2. Nf3 Nc6 3. Bb5 a6 4. Ba4 Nf6 5. O-O Be7 6. Re1 b5 7. Bb3 O-O 8. d4 d6 9. c3 Bg4 10. d5 Na5 11. Bc2 Qc8 12. h3 Bd7 13. Nbd2 c6 14. dxc6 Qxc6 15. Nf1 Nc4 16. Ng3 Rfe8 17. a4 g6 18. Qe2 Bf8 19. b3 Nb6 20. a5 Nc8 21. c4 bxc4 22. bxc4 Qc7 23. Bg5 Bg7 24. Bd3 Be6 25. Bxf6 Bxf6 26. Nf1 Ne7 27. Ne3 Qa7 28. Reb1 Rab8 29. Nd5 Nxd5 30. cxd5 Bxd5 31. Rb6 Be6 32. Rxd6 Qc5 33. Rxa6 Qc3 34. Rd1 Red8 35. Rd2 Be7 36. Rxe6 fxe6 37. Bc4 Rxd2 38. Bxe6+ Kg7 39. Qxd2 Rb1+ 40. Kh2 Qxd2 41. Nxd2 Rb2 42. a6 Bc5 43. Nc4 Rxf2 44. Na5 Rf1 45. Bc8 Ra1 46. Nb3 Bg1+ 47. Kh1 Rb1 48. Nd2 Rc1 49. Bb7 Be3+ 50. Kh2 Bf4+ 51. g3 Be3 52. Kg2 Ba7 53. Nb3 Rc2+ 54. Kh1 Ra2 55. h4 h5 56. Bd5 Rxa6 0-1

[Event "Hastings Challengers 2002/03"]
[Site "Hastings"]
[Date "2002.12.29"]
[Round "2"]
[White "Kountz, Jochen"]
[Black "Shaw, John Kerr"]
[Result "0-1"]
[WhiteElo "2331"]
[BlackElo "2484"]
[PlyCount "80"]
[EventDate "2002.12.28"]
[EventType "swiss"]
[EventRounds "9"]
[EventCountry "ENG"]
[SourceTitle "BritBase"]
[Source "John Saunders"]
[SourceDate "2024.12.03"]
[SourceVersion "1"]
[SourceVersionDate "2024.12.03"]
[SourceQuality "1"]

1. e4 c5 2. Nf3 Nc6 3. Nc3 d6 4. d4 cxd4 5. Nxd4 e5 6. Nf5 Bxf5 7. exf5 Qd7 8. g4 h5 9. g5 Qxf5 10. Be3 O-O-O 11. Bd3 Qh3 12. Nd5 Qg2 13. Rf1 Nge7 14. c4 Kb8 15. Qb3 Rc8 16. Nc3 f5 17. gxf6 gxf6 18. O-O-O Bh6 19. Kb1 f5 20. Rg1 Qh3 21. Bxh6 Rxh6 22. Rg7 Rg6 23. Rh7 Nd4 24. Qb4 Rg1 25. Be2 Rxd1+ 26. Bxd1 Qd3+ 27. Kc1 Rc7 28. b3 Ndc6 29. Be2 Nxb4 30. Bxd3 Nxd3+ 31. Kd2 Nxf2 32. Nb5 Ne4+ 33. Ke1 Rd7 34. Rh8+ Nc8 35. Rxh5 a6 36. Na3 f4 37. Nc2 Rg7 38. Nb4 f3 39. Kf1 f2 40. Rf5 Rg1+ 0-1

[Event "Hastings Challengers 2002/03"]
[Site "Hastings"]
[Date "2002.12.29"]
[Round "2"]
[White "Marusenko, Petr"]
[Black "Gormally, Daniel W"]
[Result "0-1"]
[WhiteElo "2332"]
[BlackElo "2502"]
[PlyCount "108"]
[EventDate "2002.12.28"]
[EventType "swiss"]
[EventRounds "9"]
[EventCountry "ENG"]
[SourceTitle "BritBase"]
[Source "John Saunders"]
[SourceDate "2024.12.03"]
[SourceVersion "1"]
[SourceVersionDate "2024.12.03"]
[SourceQuality "1"]

1. e4 c5 2. Nf3 d6 3. Bb5+ Nd7 4. d4 Ngf6 5. Nc3 cxd4 6. Qxd4 e5 7. Qd3 h6 8. Be3 Be7 9. O-O a6 10. Bc4 b5 11. Bd5 Rb8 12. a3 O-O 13. Rfd1 Nb6 14. Bxb6 Qxb6 15. Rd2 g6 16. Nh4 Kg7 17. g3 a5 18. b4 Bd7 19. Bb3 a4 20. Ba2 Rbc8 21. Nd5 Nxd5 22. Bxd5 Qc7 23. Ng2 Qc3 24. Ra2 Qxd3 25. Rxd3 f5 26. Ne3 f4 27. Nd1 h5 28. c4 bxc4 29. Rc3 fxg3 30. hxg3 h4 31. gxh4 Bxh4 32. Rac2 Rf4 33. Rxc4 Rg4+ 34. Kf1 Bb5 35. Ne3 Rf4 36. Ke1 Bxc4 37. Nxc4 Rcf8 38. b5 Bxf2+ 39. Rxf2 Rxf2 40. b6 Rc2 41. b7 Rxc4 42. Bxc4 Kf6 43. Bb5 Rb8 44. Bc6 Ke7 45. Kd2 Kd8 46. Kc3 Kc7 47. Bxa4 Kxb7 48. Bd1 Rc8+ 49. Kd3 Rc1 50. Bb3 Ra1 51. a4 Ra3 52. Kc4 Rxb3 53. Kxb3 Kb6 54. Kc4 g5 0-1

[Event "Hastings Challengers 2002/03"]
[Site "Hastings"]
[Date "2002.12.30"]
[Round "3"]
[White "Broomfield, Lucy J"]
[Black "McGowan, Daniel"]
[Result "0-1"]
[WhiteElo "2019"]
[BlackElo "2141"]
[PlyCount "30"]
[EventDate "2002.12.28"]
[EventType "swiss"]
[EventRounds "9"]
[EventCountry "ENG"]
[SourceTitle "BritBase"]
[Source "John Saunders"]
[SourceDate "2024.12.03"]
[SourceVersion "1"]
[SourceVersionDate "2024.12.03"]
[SourceQuality "1"]

1. e4 e6 2. d3 d5 3. Nd2 Nf6 4. Qe2 Be7 5. g3 b6 6. Bg2 Bb7 7. e5 Nfd7 8. d4 c5 9. c3 Nc6 10. Ngf3 cxd4 11. cxd4 Nb4 12. Qd1 Ba6 13. Bf1 Qc8 14. Nb3 Nc2+ 15. Kd2 Bb4# 0-1

[Event "Hastings Challengers 2002/03"]
[Site "Hastings"]
[Date "2002.12.30"]
[Round "3"]
[White "Cafferty, Bernard"]
[Black "Hansen, Torbjorn Ringdal"]
[Result "1-0"]
[WhiteElo "2201"]
[BlackElo "2292"]
[PlyCount "57"]
[EventDate "2002.12.28"]
[EventType "swiss"]
[EventRounds "9"]
[EventCountry "ENG"]
[SourceTitle "BritBase"]
[Source "John Saunders"]
[SourceDate "2024.12.03"]
[SourceVersion "1"]
[SourceVersionDate "2024.12.03"]
[SourceQuality "1"]

1. c4 Nf6 2. Nc3 c5 3. Nf3 Nc6 4. g3 d5 5. cxd5 Nxd5 6. Bg2 Nc7 7. O-O e5 8. d3 Be7 9. Nd2 Bd7 10. Nc4 O-O 11. f4 exf4 12. Bxf4 Ne6 13. Bd2 Rb8 14. Nd5 Bg5 15. Nd6 Ncd4 16. Ne4 Bc6 17. Nxg5 Nxg5 18. e4 f5 $2 19. Qh5 h6 20. Rae1 Nh7 21. Bf4 Rc8 22. Be5 fxe4 $2 23. Qg6 Qd7 (23... Qg5 24. Bxe4 Qxg6 25. Ne7+ $1) 24. Bh3 Rxf1+ 25. Rxf1 Ne2+ 26. Kg2 $1 Bxd5 27. Bxd7 exd3+ 28. Kf2 Rf8+ 29. Ke3 {Source: Bernard Cafferty. Bernard describes this (with the game against John Sharp) as "one of my favourites".} 1-0

[Event "Hastings Challengers 2002/03"]
[Site "Hastings"]
[Date "2002.12.30"]
[Round "3"]
[White "Deva, Chetan"]
[Black "McNab, Colin Anderson"]
[Result "0-1"]
[WhiteElo "2112"]
[BlackElo "2406"]
[PlyCount "70"]
[EventDate "2002.12.28"]
[EventType "swiss"]
[EventRounds "9"]
[EventCountry "ENG"]
[SourceTitle "BritBase"]
[Source "John Saunders"]
[SourceDate "2024.12.03"]
[SourceVersion "1"]
[SourceVersionDate "2024.12.03"]
[SourceQuality "1"]

1. e4 g6 2. d4 d6 3. Nc3 Bg7 4. Be3 Nf6 5. Qd2 c6 6. Bh6 Bxh6 7. Qxh6 Qa5 8. Bd3 c5 9. Nf3 cxd4 10. Nxd4 Nc6 11. Nb3 Qb6 12. h3 Be6 13. O-O O-O-O 14. Ne2 Ne5 15. Ned4 Bxb3 16. Nxb3 g5 17. h4 Rdg8 18. hxg5 Nfg4 19. Qh4 h6 20. Be2 hxg5 21. Bxg4+ Kb8 22. Qg3 Rh4 23. Bh3 Rgh8 24. Rae1 g4 25. Qe3 Nf3+ 26. gxf3 Rxh3 27. fxg4 Rxe3 28. Rxe3 Rg8 29. Rg3 Qc6 30. f3 Qxc2 31. Rg2 Qd3 32. Kf2 Rh8 33. Re1 Rh3 34. Rg3 Qc2+ 35. Re2 Rh2+ 0-1

[Event "Hastings Challengers 2002/03"]
[Site "Hastings"]
[Date "2002.12.30"]
[Round "3"]
[White "Gormally, Daniel W"]
[Black "Wegerle, Joerg"]
[Result "1-0"]
[WhiteElo "2502"]
[BlackElo "2365"]
[PlyCount "129"]
[EventDate "2002.12.28"]
[EventType "swiss"]
[EventRounds "9"]
[EventCountry "ENG"]
[SourceTitle "BritBase"]
[Source "John Saunders"]
[SourceDate "2024.12.03"]
[SourceVersion "1"]
[SourceVersionDate "2024.12.03"]
[SourceQuality "1"]

1. d4 d5 2. c4 c6 3. Nf3 Nf6 4. Nc3 a6 5. e3 e6 6. Qc2 Nbd7 7. Be2 dxc4 8. Bxc4 b5 9. Bd3 c5 10. a4 b4 11. Ne4 Bb7 12. Nxf6+ Nxf6 13. dxc5 Rc8 14. Qe2 Qa5 15. Nd4 Bxc5 16. Nb3 Qb6 17. Nxc5 Qxc5 18. Bxa6 Bxg2 19. Bxc8 Bxh1 20. Qb5+ Qxb5 21. axb5 O-O 22. Ba6 Bf3 23. Bd2 Nd5 24. Rc1 Rb8 25. Rc4 f5 26. Bxb4 Nxb4 27. Rxb4 Bd5 28. Ke2 Kf7 29. f3 e5 30. e4 fxe4 31. fxe4 Ba8 32. b6 Bc6 33. Bc4+ Ke7 34. Bd5 Kd6 35. Bxc6 Kxc6 36. Kd3 Kc5 37. Kc3 Rb7 38. Rc4+ Kb5 39. h4 g6 40. Rc8 Rf7 41. b7 Rxb7 42. Re8 Rc7+ 43. Kd3 Rd7+ 44. Ke3 Kc4 45. Rxe5 Rb7 46. Kf4 Rxb2 47. Re7 h6 48. Rc7+ Kd3 49. Rd7+ Ke2 50. Rd6 g5+ 51. hxg5 hxg5+ 52. Kxg5 Ke3 53. e5 Ke4 54. e6 Rg2+ 55. Kf6 Rf2+ 56. Ke7 Ke5 57. Rd1 Ra2 58. Re1+ Kd5 59. Kf7 Rf2+ 60. Ke8 Rb2 61. Kd7 Ra2 62. e7 Ra7+ 63. Kc8 Ra8+ 64. Kc7 Ra7+ 65. Kb6 1-0

[Event "Hastings Challengers 2002/03"]
[Site "Hastings"]
[Date "2002.12.30"]
[Round "3"]
[White "Hebden, Mark L"]
[Black "Hunt, Adam C"]
[Result "1-0"]
[WhiteElo "2515"]
[BlackElo "2365"]
[PlyCount "89"]
[EventDate "2002.12.28"]
[EventType "swiss"]
[EventRounds "9"]
[EventCountry "ENG"]
[SourceTitle "BritBase"]
[Source "John Saunders"]
[SourceDate "2024.12.03"]
[SourceVersion "1"]
[SourceVersionDate "2024.12.03"]
[SourceQuality "1"]

1. d4 Nf6 2. Nf3 g6 3. Nc3 d5 4. Bf4 Bg7 5. e3 O-O 6. Be2 c5 7. Ne5 Nc6 8. O-O cxd4 9. exd4 Bf5 10. Nxc6 bxc6 11. Na4 Nd7 12. c3 Re8 13. Re1 e5 14. Be3 h6 15. Rc1 g5 16. dxe5 Bxe5 17. c4 Nb6 18. Nxb6 axb6 19. cxd5 cxd5 20. Bb5 Re6 21. Qb3 d4 22. Bd2 Ra7 23. Bc4 Re8 24. Qb5 Bd7 25. Bxf7+ Kxf7 26. Qd5+ Kf6 27. Rxe5 Rxe5 28. Rc6+ Bxc6 29. Qxd8+ Kf7 30. Qxb6 Rxa2 31. h3 Re6 32. Qxd4 Ra1+ 33. Kh2 Rd1 34. Qc3 Be4 35. Be3 Rd7 36. Qh8 Bc6 37. Qh7+ Ke8 38. Qg8+ Ke7 39. Bc5+ Kf6 40. Bf8 Kf5 41. Bg7 Bd5 42. Qh7+ Kf4 43. Qd3 Rxg7 44. Qxd5 Re5 45. Qf3# 1-0

[Event "Hastings Challengers 2002/03"]
[Site "Hastings"]
[Date "2002.12.30"]
[Round "3"]
[White "Korotylev, Alexey"]
[Black "Knott, Simon John Bradley"]
[Result "1-0"]
[WhiteElo "2571"]
[BlackElo "2401"]
[PlyCount "63"]
[EventDate "2002.12.28"]
[EventType "swiss"]
[EventRounds "9"]
[EventCountry "ENG"]
[SourceTitle "BritBase"]
[Source "John Saunders"]
[SourceDate "2024.12.03"]
[SourceVersion "1"]
[SourceVersionDate "2024.12.03"]
[SourceQuality "1"]

1. d4 Nf6 2. c4 g6 3. Nc3 d5 4. Nf3 Bg7 5. Qb3 dxc4 6. Qxc4 O-O 7. e4 Bg4 8. Be3 Nfd7 9. Qb3 Nb6 10. Rd1 Nc6 11. d5 Ne5 12. Be2 Nxf3+ 13. gxf3 Bh5 14. Rg1 Qc8 15. Rg3 c6 16. a4 Qc7 17. a5 Nc8 18. Qb4 f5 19. Bd4 Bxd4 20. Qxd4 c5 21. Qd2 f4 22. Rg5 Nd6 23. e5 Nf5 24. d6 exd6 25. exd6 Qd8 26. Ne4 Nd4 27. Rxc5 Nxf3+ 28. Bxf3 Bxf3 29. Qd5+ Kg7 30. Qd4+ Kh6 31. Rd3 Bh5 32. Rc7 1-0

[Event "Hastings Challengers 2002/03"]
[Site "Hastings"]
[Date "2002.12.30"]
[Round "3"]
[White "Moss, Robin BW"]
[Black "Mas, Hafizulhelmi"]
[Result "1-0"]
[WhiteElo "2271"]
[BlackElo "2421"]
[PlyCount "51"]
[EventDate "2002.12.28"]
[EventType "swiss"]
[EventRounds "9"]
[EventCountry "ENG"]
[SourceTitle "BritBase"]
[Source "John Saunders"]
[SourceDate "2024.12.03"]
[SourceVersion "1"]
[SourceVersionDate "2024.12.03"]
[SourceQuality "1"]

1. e4 c5 2. c3 Nf6 3. e5 Nd5 4. d4 cxd4 5. cxd4 e6 6. Nf3 b6 7. Bd3 Bb7 8. Nc3 Nxc3 9. bxc3 Qc7 10. O-O Qxc3 11. Be3 Ba3 12. Rb1 Bd5 13. Qe2 Qc6 14. Ng5 g6 15. Qg4 Qc3 16. Be4 Qa5 17. Qf4 f5 18. exf6 Nc6 19. f7+ Ke7 20. Qh4 Bxe4 21. Nxe4+ Kxf7 22. d5 Qxd5 23. Rbd1 Qe5 24. Rxd7+ Be7 25. Bg5 Rae8 26. Bf6 1-0

[Event "Hastings Challengers 2002/03"]
[Site "Hastings"]
[Date "2002.12.30"]
[Round "3"]
[White "Pert, Nicholas"]
[Black "Wall, Gavin"]
[Result "1-0"]
[WhiteElo "2462"]
[BlackElo "2362"]
[PlyCount "41"]
[EventDate "2002.12.28"]
[EventType "swiss"]
[EventRounds "9"]
[EventCountry "ENG"]
[SourceTitle "BritBase"]
[Source "John Saunders"]
[SourceDate "2024.12.03"]
[SourceVersion "1"]
[SourceVersionDate "2024.12.03"]
[SourceQuality "1"]

1. d4 f5 2. g3 Nf6 3. Bg2 g6 4. c4 Bg7 5. Nf3 O-O 6. Nc3 d6 7. O-O Qe8 8. d5 Na6 9. Rb1 c5 10. dxc6 bxc6 11. b4 Bd7 12. a3 Nc7 13. Bb2 Rd8 14. Qa4 a6 15. Qa5 Rc8 16. Rfd1 Ne4 17. Na4 Bxb2 18. Rxb2 Qf7 19. Nb6 Rcd8 20. Nxd7 Rxd7 21. Ne5 1-0